000 00529nam a2200205Ia 4500
003 OSt
005 20260307124229.0
008 210210b1954 xxu||||| |||| 00| 0 eng d
040 _cAL
041 _aHindi
082 _a863/74
100 _aPRASAD (J)
_dप्रसाद (जयशंकर)
_9200148
245 _aEk ghunt
_bएक घूँट
260 _aIllAhAbAd
_bBharati Bhandar
_c1954
650 _aghUnT
_9200149
650 _aEk
_9200150
690 _aHindi Drama
_9200151
906 _a023449
942 _2ddc
_cBK
999 _c148414
_d148414